00373pab a2200145 454500008004000000100001600040245004900056260000900105300001000114362001100124650002200135650002900157650002100186773002000207180718b1998 xxu||||| |||| 00| 0 eng d aTulsi, P.K. aTotal quality management in higher education c1998 ap.5-8 a22 Jun aEducation - India aTotal quality management aHigher education aUniversity News